Normal view
MARC view
Entry Topical Term
001 - CONTROL NUMBER
- control field: 5553
003 - CONTROL NUMBER IDENTIFIER
- control field: OSt
005 - DATE AND TIME OF LATEST TRANSACTION
- control field: 20220524035146.0
008 - FIXED-LENGTH DATA ELEMENTS
- fixed length control field: 220524|| aca||aabn | a|a d
040 ## - CATALOGING SOURCE
- Original cataloging agency: OSt
- Transcribing agency: OSt
150 ## - HEADING--TOPICAL TERM
- Topical term or geographic name entry element: Library materials
- General subdivision: Conservation and restoration
670 ## - SOURCE DATA FOUND
- Source citation: Work cat.: (OSt)0: McIlwaine, John. 5550, IFLA disaster preparedness and planning :, 2006.